000 00537nam a2200229Ia 4500
003 0100
008 130303s9999 xx 000 0 und d
020 _a1557783098
040 _cARRUPELIB
050 _aB5375.A47 1990
100 _aSerequeberhan, Tsenay
245 _aAfrican philosophy
245 _bthe essential readings
260 _aNew York
260 _bParagon House
260 _C1991
300 _a250p.
300 _b 23 cm.
440 _aParagon issues in philosophy
650 _aPHILOSOPHY
942 0 0 _033
999 _c19927
_d19927